000
00288nam a22001337a 4500
008
170327b xxu||||| |||| 00| 0 eng d
020
_a
9780874344035
041
_a
eng
080
_a
615.83
100
_a
8
101
_a
SHYM
245
_a
SIGNS SYMPTOMS LOEB.S
_c
LOEB.S
942
_2
udc
_c
BK
999
_c
8713
_d
8713